000 01746nam a22001577a 4500
041 _aukr
080 _a09
090 _bШЕЯ
100 _aШеянова, О. С.
245 _aЛінгвокогнітивні особливості рекламного дискурсу (на прикладі реклами безалкогольних напоїв)
260 _aОстрог
_bКАФ
_c2014
300 _a70
520 _aВступ. Розділ І. Теоретичні засади дослідження англомовного рекламного дискурсу. 1.1. Рекламний дискурс та рекламний текст як обєкти лінгвістичних студій 1.2. Лінгвокогнітивні особливості англомовної картини світу Розділ ІІ. Лінгвокогнітивні особливості рекламного дискурсу (на прикладі реклами безалкогольних напоїв). 2.1. Семантичні особливості англомовної реклами 2.2. Лінгвостилістичні особливості реклами Coca-Cola Розділ ІІІ. Розвиток охорони праці в Україні. 3.1. Основні етапи розвитку охорони праці 3.2. Основні положення Закону України "Про охорону праці" 3.3. Сучасний стан охорони праці в Україні та за кордоном Висновки. Список використаних джерел та літератури. Додатки.
_0дискурс, реклама
650 _aResearch Papers
999 _c285386
_d285386
942 _cBK